Harry Styles - Toutes les chansons - Statistiques

Statistiques générales
  • Ce quiz a été pris 595 fois
    13 depuis la dernière actualisation
  • Le résultat moyen est 45 sur 47
Statistiques - réponses
Hint Réponse % Correct
Fine Line 3 Adore You
100%
Kiss All the Time. Disco, Occasionally 1 Aperture
100%
Kiss All the Time. Disco, Occasionally 4 Are You Listening Yet?
100%
Harry's House 4 As It Was
100%
Kiss All the Time. Disco, Occasionally 12 Carla's Song
100%
Fine Line 5 Cherry
100%
Kiss All the Time. Disco, Occasionally 8 Coming Up Roses
100%
Harry's House 9 Daydreaming
100%
Harry's House 5 Daylight
100%
Kiss All the Time. Disco, Occasionally 2 American Girls
100%
Harry Styles 8 Ever Since New York
100%
Fine Line 6 Falling
100%
Fine Line 12 Fine Line
100%
Harry Styles 10 From the Dining Table
100%
Fine Line 1 Golden
100%
Harry's House 3 Grapejuice
100%
Harry's House 10 Keep Driving
100%
Harry Styles 7 Kiwi
100%
Harry's House 7 Matilda
100%
Harry Styles 1 Meet Me in the Hallway
100%
Harry's House 1 Music for a Sushi Restaurant
100%
Kiss All the Time. Disco, Occasionally 11 Paint by Numbers
100%
Kiss All the Time. Disco, Occasionally 9 Pop
100%
Kiss All the Time. Disco, Occasionally 3 Ready, Steady, Go!
100%
Harry's House 11 Satellite
100%
Kiss All the Time. Disco, Occasionally 7 Season 2 Weight Loss
100%
Harry Styles 5 Sweet Creature
100%
Harry Styles 4 Two Ghosts
100%
Fine Line 2 Watermelon Sugar
100%
Harry Styles 9 Woman
100%
Harry's House 12 Boyfriends
91%
Fine Line 10 Canyon Moon
91%
Harry Styles 3 Carolina
91%
Harry's House 8 Cinema
91%
Kiss All the Time. Disco, Occasionally 10 Dance No More
91%
Harry's House 2 Late Night Talking
91%
Fine Line 4 Lights Up
91%
Harry's House 6 Little Freak
91%
Harry's House 13 Love of My Life
91%
Harry Styles 6 Only Angel
91%
Fine Line 8 She
91%
Harry Styles 2 Sign of the Times
91%
Fine Line 9 Sunflower, Vol. 6
91%
Kiss All the Time. Disco, Occasionally 5 Taste Back
91%
Kiss All the Time. Disco, Occasionally 6 The Waiting Game
82%
Fine Line 11 Treat People with Kindness
82%
Fine Line 7 To Be So Lonely
73%
Aucun quiz correspondant
Distribution des résultats
% des personnes avec chaque résultat
Percentile par nombre de réponses
Votre historique - résultats
Vous n’avez pas pris ce quiz depuis la dernière actualisation